Использование математического разрешения для оценки состава электролитического осадка Pt-Bi; Известия Томского политехнического университета [Известия ТПУ]; Т. 320, № 3 : Химия

Sonraí bibleagrafaíochta
Parent link:Известия Томского политехнического университета [Известия ТПУ]/ Томский политехнический университет (ТПУ).— , 2000-
Т. 320, № 3 : Химия.— 2012.— [С. 59-62]
Príomhchruthaitheoir: Шеховцова Н. С. Наталья Сергеевна
Rannpháirtithe: Глызина Т. С. Татьяна Святославовна
Achoimre:Заглавие с титульного листа
Электронная версия печатной публикации
С использованием пошагового метода математического разделения перекрывающихся сигналов проведено разделение многокомпонентных сигналов, полученных при электроокислении бинарных осадков Pt-Bi с поверхности графитового электрода методом инверсионной вольтамперометрии. Проведено сравнение рассчитанных и экспериментально определенных величин смещения потенциалов пиков селективного электроокисления висмута из интерметаллического соединения с платиной.
Teanga:Rúisis
Foilsithe / Cruthaithe: 2012
Sraith:Химия
Ábhair:
Rochtain ar líne:http://earchive.tpu.ru/bitstream/11683/4163/1/bulletin_tpu-2012-320-3-12.pdf
Formáid: Leictreonach Caibidil leabhair
KOHA link:https://koha.lib.tpu.ru/cgi-bin/koha/opac-detail.pl?biblionumber=216995

MARC

LEADER 00000naa2a2200000 4500
001 216995
005 20260414152039.0
035 |a (RuTPU)RU\TPU\book\236971 
035 |a RU\TPU\book\236968 
090 |a 216995 
100 |a 20120530d2012 k y0rusy50 ca 
101 0 |a rus 
102 |a RU 
135 |a drnn ---uucaa 
181 0 |a i  
182 0 |a b 
200 1 |a Использование математического разрешения для оценки состава электролитического осадка Pt-Bi  |f Н. С. Шеховцова, Т. С. Глызина 
203 |a Текст  |c электронный 
215 |a 1 файл (118 Кб) 
225 1 |a Химия 
300 |a Заглавие с титульного листа 
300 |a Электронная версия печатной публикации 
320 |a [Библиогр.: с. 62 (8 назв.)] 
330 |a С использованием пошагового метода математического разделения перекрывающихся сигналов проведено разделение многокомпонентных сигналов, полученных при электроокислении бинарных осадков Pt-Bi с поверхности графитового электрода методом инверсионной вольтамперометрии. Проведено сравнение рассчитанных и экспериментально определенных величин смещения потенциалов пиков селективного электроокисления висмута из интерметаллического соединения с платиной. 
337 |a Adobe Reader 
461 1 |0 (RuTPU)RU\TPU\book\176237  |t Известия Томского политехнического университета [Известия ТПУ]  |f Томский политехнический университет (ТПУ)  |d 2000- 
463 1 |0 (RuTPU)RU\TPU\book\236341  |x 1684-8519  |t Т. 320, № 3 : Химия  |v [С. 59-62]  |d 2012 
610 1 |a инверсионная вольтамперометрия 
610 1 |a электролитические осадки 
610 1 |a платина 
610 1 |a висмут 
610 1 |a интерметаллические соединения 
610 1 |a перекрывающиеся сигналы 
610 1 |a метод математического разделения 
610 1 |a электроокисление 
610 1 |a труды учёных ТПУ 
610 1 |a электронный ресурс 
700 1 |a Шеховцова  |b Н. С.  |c специалист в области экологии и безопасности жизнедеятельности  |c ассистент Томского политехнического университета, кандидат химических наук  |f 1981-  |g Наталья Сергеевна  |3 (RuTPU)RU\TPU\pers\27717 
701 1 |a Глызина  |b Т. С.  |c химик-технолог  |c старший преподаватель Томского политехнического университета, кандидат химических наук  |f 1975-  |g Татьяна Святославовна  |3 (RuTPU)RU\TPU\pers\25610  |9 11539 
801 1 |a RU  |b 63413507  |c 20090623  |g PSBO 
801 2 |a RU  |b 63413507  |c 20211229  |g PSBO 
856 4 |u http://earchive.tpu.ru/bitstream/11683/4163/1/bulletin_tpu-2012-320-3-12.pdf 
942 |c CF